=LDR 00000nam 2200000 4500 =001 INLIS000000000045785 =005 20250325090420 =035 ##$$a 0010-021500000000345 =008 250325################g##########0#ind## =020 ##$$a 978-979-1232-78-4 =040 ##$$a NBPDMAT =082 ##$$a R. 925.03 =090 ##$$a 925.03 $b Dna e =100 ##$$a Drajat =245 1#$$a Ensiklopedia IPA : $b Penemuan yang mengubah dunia /$c Drajat;Editor Nita Indah F. =250 ##$$a Cet. 1 =260 ##$$a Jakarta :$b Inten Plus,$c 2008 =300 ##$$a vi, 33 hlm : $b Ilus ; $c 29 x 21 cm =500 ##$$a Bibliografi : hal. 33 =650 #4$$a Biografi Ilmuwan - Ensiklopedi =850 ##$$a NBPDMAT =084 ##$$a R. 925.03 DRA e =700 #$$a Nita Undah F =990 ##$$a 21421307 =990 ##$$a 21421308 =990 ##$$a 21421309 =990 ##$$a 21421310 =990 ##$$a 21421311 =990 ##$$a 21421307 =990 ##$$a 21421308 =990 ##$$a 21421309 =990 ##$$a 21421310 =990 ##$$a 21421311 =990 ##$$a 21421311 =990 ##$$a 21421307 =990 ##$$a 21421308 =990 ##$$a 21421309 =990 ##$$a 21421310 =990 ##$$a 21421308 =990 ##$$a 21421307 =990 ##$$a 21421309 =990 ##$$a 21421310 =990 ##$$a 21421311